Fuentes de energa̕ y derecho internacional Conflictos, principios, sanciones y seguridad /

Detalles Bibliográficos
Autor principal: Pastor Palomar, Antonio
Formato: eBook
Lenguaje:español
Publicado: Madrid: Dykinson, 2015
Materias:
Acceso en línea:Acceso restringido

MARC

LEADER 00000nam a22000007a 4500
005 20150512235728.0
007 cr|||| ||||
008 150513s2015 es |||||s|||| 00||0 spa d
020 |a 978-84-9085-319-1 
035 |a 12681 
040 |a vLex 
090 |c 5412  |d 5412 
100 1 |a Pastor Palomar, Antonio 
245 1 0 |a Fuentes de energa̕ y derecho internacional  |h [Recurso electrn̤ico] :  |b Conflictos, principios, sanciones y seguridad /  |c Antonio Pastor Palomar 
256 |a Servicio en ln̕ea 
260 |a Madrid:  |b Dykinson,  |c 2015 
300 |a 1 recurso electrn̤ico 
506 1 |a Disponible solo en los productos indicados  |d vLex Global  |d vLex Global (Academic Edition, excluding Law Schools)  |d vLex Global (U.S. Academic Edition, Law Schools)  |d vLex Global (U.S. Academic Edition, excluding Law Schools)  |d vLex Global (Academic Edition, Law Schools) 
650 0 4 |a Derecho Internacional  |z Espaą 
740 0 |a vLex Libros (Servicio en ln̕ea) 
856 4 0 |u http://vlex.com/source/fuentes-energia-derecho-internacional-conflictos-principios-sanciones-seguridad-12681  |z Acceso restringido 
942 |c BOOK 
999 0 |a International Law